1545 1732 1624 1512 1988 1345 1385 1681 1009 1566 1663 1621 1204 1548 1794 1478 1295 1174 1082 1899 1528 1151 1372 1966 1947 1128 1305 1745 1038 1432 1694 1171 1119 1908 1031 1272 1049 1473 1256 1804 1970 1814 1682 1785 1852 1553 1127 1535 1070 1450 1248 1662 1146 1719 1574 1607 1454 1819 1980 1857 1821 1376 1133 1196 1353 1306 1368 1900 1103 1917 1141 1220 1944 1732 1643 1755 1997 1413 1042 1334 1254 1998 1609 1136 1516 1388 1577 1252 1648 1444 1571 1755 1330 1699 1776 1768 1674 1653 1663 BCNSPRNW ULIB Ver.6.0+V

เปลี่ยนเป็นภาษาไทย

Change to English
 แสดงรายละเอียดบรรณานุกรม
  กลับหน้าหลัก

Brief Record : Get Marc (ISO 2709) : E-mail record : QR code < ปิดหน้าต่าง
LEADER : 00000nam 2200000uu 4500
001    13399110608
003     ULIB
008    110606s2546||||th 000 0 tha d
020    9745718823
060 04 QS504^bก768จ 2546
100 0  เกล็ดแก้ว ด่านวิวัฒน์
245 10 จุลกายวิภาคศาสตร์ /^cเกล็ดแก้ว ด่านวิวัฒน์
250    พิมพ์ครั้งที่ 1
260    กรุงเทพฯ :^bสำนักพิมพ์มหาวิทยาลัยธรรมศาสตร์,^c2546
300    11, 244 หน้า :^bภาพประกอบ ;^c27 ซม.
650  7 จุลกายวิภาคศาสตร์
945    ^p420^l0^i13286
945    ^p420^l0^i24576
945    ^p420^l0^i24577
945    ^p420^l0^i13282
945    ^p420^l0^i13283
945    ^p420^l0^i13284
995    กัณชพร
999    ^aใช้งานได้ทุกระบบ
รายการนี้ยังไม่มีแท็ก
คุณยังไม่ได้ล็อกอิน คุณสามารถมีกิจกรรมร่วมกับเว็บไซต์ได้ แต่ต้องล็อกอินก่อน ::
  ล็อกอิน

รายการสื่อสารสนเทศ

ลำดับที่ ประเภท เลขเรียก/บาร์โค้ด สถานที่ สถานะ
- ไม่พบข้อมูล -

รายการใกล้เคียง
    ผู้แต่ง [เกล็ดแก้ว ด่านวิวัฒน์]

    หัวเรื่อง [จุลกายวิภาคศาสตร์]

BibComment


ยังไม่เคยถูกคอมเมนท์

คอมเมนท์ทรัพยากรรายการนี้
  คอมเมนท์: จุลกายวิภาคศาสตร์..


 Copyright 2026. Bcnsprnw @Library